Religion And Culture : (Record no. 195280)

MARC details
000 -LEADER
fixed length control field 00613nam a22001937a 4500
005 - DATE AND TIME OF LATEST TRANSACTION
control field 20230316120252.0
010 ## - LCCN (DPL NO)
LC control number ENG-136442
020 ## - INTERNATIONAL STANDARD BOOK NUMBER
Terms of availability 995.00
035 ## - SYSTEM CONTROL NUMBER
System control number EN-119974
037 ## - SOURCE OF ACQUISITION
Source of stock number/acquisition DBAD/PUB
082 ## - DEWEY DECIMAL CLASSIFICATION NUMBER
Classification number 306.609
100 ## - MAIN ENTRY--PERSONAL NAME
Personal name Doley, Dibya
245 ## - TITLE STATEMENT
Title Religion And Culture :
Statement of responsibility, etc By Dibya Doley
Remainder of title A Study Of Mising Tribe /
250 ## - EDITION STATEMENT
Edition statement First
260 ## - PUBLICATION, DISTRIBUTION, ETC. (IMPRINT)
Name of publisher, distributor, etc Book Enclave
Place of publication, distribution, etc Jaipur
Date of publication, distribution, etc 2017
270 ## - ADDRESS
Address F-11, SS,Tower,,Dhamani Street, Chaura Rasta
City Jaipur
Postal code 302003
Telephone number +911412311900
-- 9414443132
Electronic mail address bookenclave@gmail.com
300 ## - PHYSICAL DESCRIPTION
Extent viii133p.
Dimensions 23cm(hbk)
942 ## - ADDED ENTRY ELEMENTS (KOHA)
Source of classification or shelving scheme Dewey Decimal Classification
Item type English Books
Classification part 306.609
Call number suffix DIB
Holdings
Withdrawn status Lost status Not for loan Collection code Home library Current library Date acquired Source of acquisition Cost, normal purchase price Full call number Barcode Copy number Koha item type
      Non-fiction Katevara Katevara 16/03/2023 DBAD/PUB 995.00 306.609 DIB EN-119974 1 English Books

© Delhi Public Library
Hit Counter
free hit counter